| 000 | 00342nam a2200133Ia 4500 | ||
|---|---|---|---|
| 008 | 220216s9999 xx 000 0 und d | ||
| 245 | 0 | _aEconomics of production and marketing | |
| 260 |
_bPlanters Bulletin _c1966 |
||
| 300 | _a7-Apr | ||
| 650 | _aRubber industry | ||
| 650 | _aRubber marketing | ||
| 650 | _aRubber production | ||
| 942 | _cJS | ||
| 999 |
_c57629 _d57629 |
||